10 największych miast Vanuatu - Statystyki

Ogólne statystyki
  • Ten quiz został rozwiązany 17 razy
  • Średni wynik to 4 z 10
Statystyki odpowiedzi
#
Populacja Miasto % Poprawnych
1. 53 312 Port Vila
100%
6. 1 752 Isangel
45%
4. 2 764 Mele
45%
10. 1 290 Lakatoro
36%
9. 1 391 Litslits
36%
2. 14 736 Luganville
36%
5. 2 454 Norsup
36%
3. 3 117 Port Orly
36%
8. 1 523 Lénakel
27%
7. 1 560 Palikulo
27%
Nie znaleziono quizów pasujących do podanych kryteriów
Rozkład punktacji
Procent ludzi z każdym wynikiem
Percentyl według liczby udzielonych odpowiedzi
Twoja historia wyników
Nie rozwiązałeś tego quizu